Report of J. Ross Browne on the mineral resources of the states and territories west of the Rocky mountains

Detalles Bibliográficos
Autor Corporativo: Estados Unidos de América. Departamento del Tesoro
Otros Autores: Browne, John Ross, 1817-1875
Formato: Libro
Lenguaje:English
Publicado: Washington : Gouvernment Printing Office, 1868.
Materias:
Colección:Banco de datos
Acervo:Universidad Autónoma Benito Juárez de Oaxaca. Biblioteca Francisco de Burgoa. Colección histórica
Descripción Física:674, 71 p. ; 22 cm.
Tema general:Minerología
Notas:Portada tipográfica con pleca. Texto a renglón seguido con paginación en números arábigos, notas a pie de página, cornisas y signaturas. Encuadernación en keratol sobre cartón. Sello en tinta de los libros cedidos por Matias Romero al Instituto de Ciencias y Artes de Oaxaca
LEADER 01226nam a22002050004500
035 |a 1134 
041 0 |a eng 
110 1 |a Estados Unidos de América. Departamento del Tesoro 
245 1 0 |a Report of J. Ross Browne on the mineral resources of the states and territories west of the Rocky mountains 
260 |a Washington : Gouvernment Printing Office, 1868. 
300 |a 674, 71 p. ; 22 cm. 
500 |a Portada tipográfica con pleca. Texto a renglón seguido con paginación en números arábigos, notas a pie de página, cornisas y signaturas. Encuadernación en keratol sobre cartón. Sello en tinta de los libros cedidos por Matias Romero al Instituto de Ciencias y Artes de Oaxaca 
504 |a Al final de cada reporte está el índice de contenido 
505 0 0 |a Report of James W. Taylor, on the mineral resources of the United States east of the Rocky mountain, 71 p. 
650 1 0 |a Minerología 
700 1 |a Browne, John Ross, 1817-1875 
852 |a Universidad Autónoma "Benito Juárez" de Oaxaca, Biblioteca Francisco de Burgoa, Colección histórica 10889 
942 |c BURHIS 
943 |g Universidad Autónoma Benito Juárez de Oaxaca. Biblioteca Francisco de Burgoa. Colección histórica 
999 |c 1119636  |d 1119636